000 00506nam a2200181Ia 4500
003 GCL
008 140319s9999 xx 000 0 aFre d
040 _aGCL /
_cGCL
082 0 4 _a915.93
_bW A
100 1 _aWANGPAICHITR, SEREE
245 1 0 _aAYUTTHAYA :
_bWORLD HERITAGE /
_cWANGPAICHITR, SEREE
260 _aتايلانــد :
_bTHAWEEWAT PRESS CO., LTD.
300 _a20 CM ؛
_c76 P
650 0 4 _aTHAILAND
650 0 4 _aTHAILAND - DESCRIPTION AND TRAVEL
650 0 4 _aAYUTTHAYA
942 _2ddc
_cBK
999 _c3224
_d3224